Now the lifeboat's sinking, too (Record no. 80389)
[ view plain ]
| 000 -LEADER | |
|---|---|
| fixed length control field | 01090cab a22001935a 4500 |
| 001 - CONTROL NUMBER | |
| control field | L144209 |
| 008 - FIXED-LENGTH DATA ELEMENTS--GENERAL INFORMATION | |
| fixed length control field | 080703e20080620xxka f s 000 0 eng d |
| 035 ## - SYSTEM CONTROL NUMBER | |
| System control number | (Sirsi) u144209 |
| 041 0# - LANGUAGE CODE | |
| Language code of text/sound track or separate title | eng |
| 100 1# - MAIN ENTRY--PERSONAL NAME | |
| Personal name | Watson, Stuart |
| 245 00 - TITLE STATEMENT | |
| Title | Now the lifeboat's sinking, too |
| 260 ## - PUBLICATION, DISTRIBUTION, ETC. | |
| Date of publication, distribution, etc. | 2008 |
| 490 ## - SERIES STATEMENT | |
| Series statement | Building |
| Volume/sequential designation | 213(8534) 20 June 2008, 60-62(3) |
| 520 ## - SUMMARY, ETC. | |
| Summary, etc. | Discusses how current economic trends and the affects of the credit crunch are affecting housing associations. The article illustrates that while housing associations have benefits in that they can obtain land at lower than market rates, they are now being exposed to higher lending rates than were typically offered in the past and are suffering adverse affects as a result of lowered activity among private house builders. It also asserts that some housing associations may risk breaching their loan covenants in the event of a prolonged economic downturn, through a combination of reduced sales and falling land value. |
| 590 ## - LOCAL NOTE (RLIN) | |
| Local note | KA |
| 651 #4 - SUBJECT ADDED ENTRY--GEOGRAPHIC NAME | |
| Geographic name | United Kingdom |
| Chronological subdivision | |
| 690 ## - LOCAL SUBJECT ADDED ENTRY--TOPICAL TERM (OCLC, RLIN) | |
| Topical term or geographic name as entry element | Residential property |
| 9 (RLIN) | 6266 |
| 942 ## - ADDED ENTRY ELEMENTS (KOHA) | |
| Suppress in OPAC | 0 |
| Withdrawn status | Lost status | Source of classification or shelving scheme | Damaged status | Not for loan | Home library | Current library | Shelving location | Date acquired | Total Checkouts | Full call number | Barcode | Date last seen | Copy number | Price effective from | Koha item type |
|---|---|---|---|---|---|---|---|---|---|---|---|---|---|---|---|
| Dewey Decimal Classification | London | London | Journal article | 03/07/2008 | L144209 | 144209-1001 | 06/08/2019 | 1 | 06/08/2019 | Journal article |